| 000 | 02157nam a2200301 i 4500 | ||
|---|---|---|---|
| 001 | 16266 | ||
| 003 | DO-SdUEMH | ||
| 005 | 20260116212546.0 | ||
| 007 | ta | ||
| 008 | 211105s2006||||dr |||gr|||| 0|| | spa d | ||
| 040 |
_aDO-SdUEMH _bspa _erda |
||
| 041 | _aspa | ||
| 082 | 1 | 4 |
_aRD344.041 C691M 2005 _mRD _bF363 |
| 084 | _b08-00571 | ||
| 100 | 1 |
_aFernández, Fernándo _eaut |
|
| 110 | _aColegio Médico Dominicano | ||
| 245 |
_aLey de Colegiación Médica y sus Reglamentaciones / _cFernándo Fernández |
||
| 260 | _c2005 | ||
| 264 | 1 |
_aSanto Domingo, República Dominicana : _bBúho, _c2005 |
|
| 264 | 4 | _c©2005 | |
| 300 |
_a304 páginas : _c21 cm. |
||
| 336 |
_2rdacontent _atexto _btxt |
||
| 337 |
_2rdamedia _asin mediación _bn |
||
| 338 |
_2rdacarrier _avolumen _bnc |
||
| 505 | _aA modo de presentación -- Ley No. 68-03 que crea el CMD -- Reglamento Orgánico Interno del CMD -- Reglamento Electoral -- Código de Ética Médica -- Reglamento de Comisiones Especiales -- Reglamento de la Junta Directiva Nacional -- Reglamento del Consejo Nacional -- Reglamento de Protocolo -- Reglamento del Tribunal Disciplinario Interno -- Reglamento para Avalar Actividades Científicas -- Reglamento para ser Miembr@ Honorari@ -- Reglamento para Aspirantes a Miembr@ Titular -- Reglamento que Regula el Ingreso al CMD de l@s Médic@s Extranjer@s -- Reglamento de l@s Estudiantes de Medicina -- Reglamento de Concursos Literarios -- Reglamento de Concurso Fotográfico -- Reglamento Único de Concursos Médicos -- Reglamento para Reconocer y Avalar una Sociedad Especializada -- Reglamento para Reconocer una Revista Científica -- Reglamento de Reuniones Clínico-Quirúrgicas -- Reglamento para Otorgar su Galardón “Maestr@ de la Medicina Dominicana” -- Reglamento de Educación Médica Continuada -- Reglamento del Consejo de Sociedades Especializadas -- Reglamento de Rectificación de l@s Médic@s -- Reglamento de Normalización de las Relaciones con las Empresas Farmacéuticas -- Reglamento del Departamento Legal -- Reglamento de Recursos Humanos -- Reglamento de Movimientos Médicos -- Apéndice. | ||
| 942 |
_2ddc _cBK _n0 |
||
| 999 |
_c16266 _d16266 |
||